| 000 | 01824nam a22002777a 4500 | ||
|---|---|---|---|
| 005 | 20240313145741.0 | ||
| 008 | 240311b ||||| |||| 00| 0 eng d | ||
| 020 | _a9788121931915 | ||
| 040 | _cAL | ||
| 041 | _aeng | ||
| 082 |
_223 _a574.88 _bVERM |
||
| 100 |
_aP S Verma _9154117 |
||
| 100 |
_dV K Agarwal _9153681 |
||
| 245 | _aMolecular Biology | ||
| 260 |
_aNew Delhi _bS Chabd and Company Ltd _c2020 |
||
| 300 |
_aviii,392p. _bPB _c23x16cm. |
||
| 365 |
_2Microbiology _a7733 _b360.00 _c₹ _d450.00 _e20% _f15-02-2024 |
||
| 520 | _aThis textbook of Molecular Biology has been developed for B.Sc. students of all Indian Universities. But it will also serves the purpose of the students of B.Sc. (Hons.), M.Sc. Zoology, botany, Microbiology and biotechnology. Students preparing for Medical entrance exams, I.F.S., P.C.S. and I.A.S, etc would also be benefited by this book Table of Contents: 1. Identification of the Genetic Material, 2. Chemical Nature of Genetic Material (i.e., DNA and RNA), 3. Organization of Genetic Material, 4. Plasmids, IS Elements, Transposons and Retroelements, 5. Multigene Families, 6. DNA Replication, 7. Transcription, 8. Messenger RNA (Coding RNA), 9. Ribosomal RNA (rRNA) and Transfer RNA (tRNA), 10. Genetic Code, 11. Phenotypic Expression of Gene, 12. Translation: Protein Synthesis, 13. Post - Translational Processing of Proteins, 14. Regulation of Gene Action in Bacteria and Viruses, 15. Regulation of Gene Action in Eukaryotes, 16. Alteration in the Genetic Material (Point Mutation) • Glossary • Selected Reading • Index | ||
| 650 |
_aGenetic Material _9153682 |
||
| 650 |
_aDNA Replication _9153683 |
||
| 650 |
_aTranscription _9153684 |
||
| 650 |
_aRibosomal RNA _9153685 |
||
| 700 |
_aVERMA (P S) _9153686 |
||
| 700 |
_aAGARWAL (V K) _9153687 |
||
| 942 |
_2ddc _cBK |
||
| 999 |
_c230199 _d230199 |
||